000 00281nam a22001337a 4500
020 _a1-8442-2606-9
082 _a823
_bHIL/S
100 _aHILL, ERIC
245 _aSPORT'S GARDEN
260 _aENGLAND
_bLADY BIRD
300 _a29
650 _aENGLISH SHORT STORY
_zUK
942 _cBK
999 _c2634
_d2634